Länder die an Kasachstan grenzen - Statistiken

Allgemein
  • Dieses Quiz wurde 139 mal gespielt
  • Das Durchschnittsergebnis liegt bei 5 aus 5
Antwortstatistiken
Grenzlänge Land % Korrekt
6470 Km Russland
100%
2300 Km Usbekistan
95%
980 Km Kirgistan
92%
380 Km Turkmenistan
91%
1470 Km Volksrepublik China
89%
Keine übereinstimmenden Quizze gefunden
Verteilung der Resultate
Anzahl Personen mit jedem Resultat
Perzentil nach korrekt beantworteten Fragen
Ihre Resultats-Entwicklung
Sie haben dieses Quiz noch nicht gespielt